000 02074nam a22003497a 4500
001 103690
003 KnowledgeUnlatched
005 20210303105048.0
006 m o d
007 cr u||||||||||
008 210129p20192019xx o u00| u eng d
037 _5BiblioBoard
245 0 4 _aThe Conceptual Change of Conscience
_bFranz Wieacker and German Legal Historiography 1933-1968 /
_cVille Erkkilä.
020 _a9783161566929
029 1 _ahttps://library.biblioboard.com/ext/api/media/d1dccdbe-29dd-4947-b433-4049da78681b/assets/thumbnail.jpg
040 _aScCtBLL
_cScCtBLL
100 1 _aErkkilä, Ville
_eauthor.
264 1 _bMohr Siebeck,
300 _a1 online resource (329 p.)
506 0 _aAccess copy available to the general public.
_fUnrestricted
_2star
520 _aHow did the drastic experiences of the turbulent twentieth century affect the works of a legal historian? What kind of an impact did they have on the ideas of justice and rule of law prominent in legal historiography? Ville Erkkilä analyses the way in which the concepts of 'Rechtsgewissen' and 'Rechtsbewusstsein' evolved over time in the works of the prestigious legal historian Franz Wieacker. With the help of previously unavailable sources such as private correspondence, the author reveals how Franz Wieacker's personal experiences intertwined in his legal historiography with the tradition of legal science as well as the social and political destinies of twentieth century Germany.
588 0 _aDescription based on print version record.
590 _aKU Open Services
650 7 _aLaw
_2bisacsh
650 0 _aLaw
655 0 _aElectronic books.
758 _iIs found in:
_aKnowledge Unlatched
_1https://openresearchlibrary.org/module/2774bc74-146a-484f-a7ba-ab1d6a09bbfb
856 4 0 _uhttps://openresearchlibrary.org/content/d1dccdbe-29dd-4947-b433-4049da78681b
_zView this content on Open Research Library.
_70
999 _c33452
_d33452